Transforming South Asia imperatives for action / (Record no. 92508)
[ view plain ]
| 000 -LEADER | |
|---|---|
| fixed length control field | 01207nam a22002657a 4500 |
| 005 - DATE AND TIME OF LATEST TRANSACTION | |
| control field | 20230720163342.0 |
| 010 ## - LCCN (DPL NO) | |
| LC control number | ENG-112507 ENG-137500 |
| 020 ## - INTERNATIONAL STANDARD BOOK NUMBER | |
| International Standard Book Number | 9789381904985 |
| Terms of availability | 880.00 |
| 035 ## - SYSTEM CONTROL NUMBER | |
| System control number | EN-96039 EN-121032 |
| 037 ## - SOURCE OF ACQUISITION | |
| Source of stock number/acquisition | DBAD/PUB |
| 082 ## - DEWEY DECIMAL CLASSIFICATION NUMBER | |
| Classification number | 327.54 |
| 100 ## - MAIN ENTRY--PERSONAL NAME | |
| Personal name | Bhatia, Rajiv |
| 245 ## - TITLE STATEMENT | |
| Title | Transforming South Asia imperatives for action / |
| Statement of responsibility, etc | by Rajiv Bhatia, Swaran Singh [and] Reena Marwah |
| 260 ## - PUBLICATION, DISTRIBUTION, ETC. (IMPRINT) | |
| Place of publication, distribution, etc | New Delhi |
| Name of publisher, distributor, etc | KW Publishers : |
| -- | Indian Council of World Affairs |
| Date of publication, distribution, etc | 2014 |
| 270 ## - ADDRESS | |
| Address | 4676/21, First Floor, Ansari Road, Daryaganj |
| City | New Delhi |
| Postal code | 110002 |
| 300 ## - PHYSICAL DESCRIPTION | |
| Extent | xxx,227p. : |
| Dimensions | 23cm(Hb) |
| Other physical details | ill.,maps |
| 520 ## - SUMMARY, ETC. | |
| Summary, etc | Papers presented at the Third Asian Relations Conference, held at New Delhi in March 2012 organized by Indian Council of World Affairs, New Delhi in collaboration with Association of Asia Scholars. |
| 610 ## - SUBJECT ADDED ENTRY--CORPORATE NAME | |
| Corporate name or jurisdiction name as entry element | South Asian Association for Regional Cooperation |
| Form subdivision | Congresses. |
| 650 ## - SUBJECT ADDED ENTRY--TOPICAL TERM | |
| Topical term or geographic name as entry element | South Asian cooperation |
| Form subdivision | Congresses. |
| 700 ## - ADDED ENTRY--PERSONAL NAME | |
| Personal name | Swaran Singh |
| 700 ## - ADDED ENTRY--PERSONAL NAME | |
| Personal name | Marwah, Reena |
| 710 ## - ADDED ENTRY--CORPORATE NAME | |
| Corporate name or jurisdiction name as entry element | Indian Council of World Affairs, |
| Relator term | organizer. |
| 710 ## - ADDED ENTRY--CORPORATE NAME | |
| Corporate name or jurisdiction name as entry element | Association of Asia Scholars (New Delhi, India), |
| Relator term | organizer. |
| 942 ## - ADDED ENTRY ELEMENTS (KOHA) | |
| Source of classification or shelving scheme | Dewey Decimal Classification |
| Item type | English Books |
| Call number suffix | BHA |
| Classification part | 327.54 |
| Withdrawn status | Lost status | Not for loan | Collection code | Home library | Current library | Date acquired | Source of acquisition | Cost, normal purchase price | Full call number | Barcode | Copy number | Cost, replacement price | Koha item type |
|---|---|---|---|---|---|---|---|---|---|---|---|---|---|
| Non-fiction | Central Jail Tihar | Central Jail Tihar | 20/07/2023 | DBAD/PUB | 880.00 | 327.54 BHA | EN-121032 | 1 | 880.00 | English Books | |||
| Not For Loan | Non-fiction | D.B.Act.Division | D.B.Act.Division | 25/03/2015 | DBAD/PUB | 880.00 | 327.54 BHA | EN-96039 | 1 | 880.00 | English Books |
